The three tensions : winning the struggle to perform without compromise

Saved in:
Bibliographic Details
Main Author: Dodd, Dominic
Format: Book
Language:Undetermined
Published: Hoboken, NJ Jossey-Bass 2007
Subjects:
Tags: Add Tag
No Tags, Be the first to tag this record!
Institutions: Trung tâm Học liệu Trường Đại học Cần Thơ
LEADER 00673nam a2200205Ia 4500
001 CTU_163281
008 210402s9999 xx 000 0 und d
020 |c 27.95 
082 |a 658.4092 
082 |b D639 
100 |a Dodd, Dominic 
245 4 |a The three tensions : 
245 0 |b winning the struggle to perform without compromise 
245 0 |c Dominic Dodd, Ken Favaro 
260 |a Hoboken, NJ 
260 |b Jossey-Bass 
260 |c 2007 
650 |a Success in business,Executives,Leadership,Industrial management,Nghệ thuật lãnh đạo,Quản lý công nghiệp 
910 |a Nguyên 
980 |a Trung tâm Học liệu Trường Đại học Cần Thơ